LEADER 01133nam a2200277 u 4500 001 000000106781 003 CaOOAMICUS 005 20220210175622.0 008 070907s1999 it u000 u ita u 032 $aLibriCat 040 $aPUL$bita$dPG 100 1 $aPorteous, Norman W.$0(OLS)http://pul/name/24712 240 10$aDaniel : a commentary.$lItaliano.$0(OLS)http://pul/title/134432 245 10$aDaniele /$ctraduzione e commento di Norman W. Porteous ; traduzione italiana di Franco Ronchi. 260 $aBrescia :$bPaideia,$cc1999. 300 $a239 p. ;$c21 cm. 490 1 $aAntico Testamento ;$v23 630 04$aBiblia.$pV.T.$pDaniel$xCommenti.$0(OLS)http://pul/subject/7430 700 1 $aRonchi, Franco.$0(OLS)http://pul/name/25184 830 0$aAntico Testamento ;$v23.$0(OLS)http://pul/title/18620 850 $aPUL 852 $aPUL$W1$xSL Religione 1$y3$m1(6) H 23$j120827$qStampati$q $B120010$CPULBib$Z2$F120010 $H80000 $81 941 1 $a8 996 $6245$aDaniele$9(OLS)http://pul/title/43033 996 $6260$aBrescia :$bPaideia$9(OLS)http://pul/publisher/47884 LEADER 01173nam a2200289 a 4500 001 000000176661 003 CaOOAMICUS 005 20240219171034.0 008 240219s2022 it u000 u ita r 020 $a978-88-6879-850-5* 032 $aLibriCat 040 $aPUL$bita 082 04$a200.1 100 1 $aGermano, Fausta.$0(OLS)http://pul/name/113259 245 10$aFenomenologia del credere :$blineamenti per una filosofia delle religioni / $cFausta Germano. 260 $aSiena :$bCantagalli,$cİ2022. 300 $a143 p. ;$c23 cm 504 $aBibliografia in nota. 650 4$aFilosofia della religione.$0(OLS)http://pul/subject/120 850 $aPUL 852 $aPUL$W1$xSL Religione 3$y85$m200. 1 GERFA 2$j200670$qDDC 21$B205622$CPULBib$Z2$F205622 $H136635 $82 941 1 $a9 996 $6020$a978-88-6879-850-5*$9(OLS)http://pul/number/169571 996 $6082$a200.1$9(OLS)http://pul/classification/547 996 $6245$aFenomenologia del credere :$blineamenti per una filosofia delle religioni / $9(OLS)http://pul/title/218146 996 $6260$aSiena :$bCantagalli$9(OLS)http://pul/publisher/48759